000 01117nam a22002657a 4500
005 20250902164730.0
008 250826b |||||||| |||| 00| 0 eng d
037 _cREF
040 _aCRL
_cCRL
041 _2eng
_aeng
084 _aQ41:23 438R2.1-.5 (RR)
_qCRL
245 _aAbhidhammapitak
260 _c2022.
300 _aVol. 1 (1p.-468p.), Vol. 1 (1p.-273p.), Vol. 2 (1p.-502p.), Vol. 2 (1p.-321p.), Vol. 3 (1p.-613p.), Vol. 3 (1p.-338p.), Vol. 4 (1p.-641p.), Vol. 5 (1p.-446p.)
365 _b00
_cGift
440 _vVol. 1 - 5
650 _aReligion
650 _aMayanmar
_9818899
650 _aBuddhist
_9457200
650 _aTheravada
_9818900
650 _aHinayanna
_9818901
650 _aAbhidhamaapittaka
_9818902
942 _2CC
_cREF
_hQ41:23 438R2.1-.5 (RR)
_n0
999 _c1434890
_d1434890